| 000 | 00637nam a2200193Ia 4500 | ||
|---|---|---|---|
| 003 | LK-CoDNM | ||
| 008 | 010623t2005 xxu||||| |||| 00| 1 sin d | ||
| 040 |
_aLK-CoDNM _dLK-CoDNM _eLK-CoDNM |
||
| 041 | _asin | ||
| 080 | _a929 IKE | ||
| 100 | _aIkeda, Daisaku | ||
| 245 | _aදිවමන් බුදුහිමි - විවරණාත්මක චරිතාපදානයක් | ||
| 246 | _aDiwaman buduhimi : Viwaranathmaka charithapadanayak | ||
| 260 |
_bSoka Gakkai Buddhist Association _aColombo _c2005 |
||
| 300 | _b(xiii)177, 22 cm | ||
| 650 | _aBiography | ||
| 700 |
_aPalliyaguru, Chandrasiri _etr. |
||
| 942 | _cBK | ||
| 999 |
_c124740 _d124740 |
||